Countries of the World Quiz In Hungarian Language - Statistics

General Stats
  • This quiz has been taken 232 times
  • The average score is 69 of 196
Answers on the Map
Answers color-coded by a green-red scale on the quiz's map according to % correct below.
 
Answer Stats
Country % Correct
Kanada
82%
Magyarország
81%
Románia
72%
Oroszország
70%
Franciaország
69%
Németország
69%
Spanyolország
69%
Ausztria
68%
Lengyelország
68%
Olaszország
68%
Ukrajna
68%
Kína
67%
Brazília
65%
Törökország
65%
Görögország
64%
Portugália
64%
Japán
63%
Szerbia
63%
Horvátország
62%
írország
62%
Ausztrália
61%
Egyesült Királyság
61%
Fehéroroszország
61%
Hollandia
61%
Norvégia
61%
Svédország
61%
Argentína
60%
Finnország
60%
India
60%
Dánia
59%
Mexicó
59%
Csehország
58%
Észtország
58%
Moldova
57%
Svájc
57%
Bulgária
56%
Amerikai Egyesült Államok
55%
Mongólia
55%
Albánia
54%
Dél Korea
54%
Lettország
54%
Belgium
53%
Észak Korea
53%
Kuba
53%
Litvánia
53%
Slovákia
52%
Egyiptom
51%
Niger
51%
Peru
51%
Chile
50%
Ízland
50%
Slovénia
50%
Irán
49%
Montenegró
49%
Luxemburg
48%
Irak
47%
Madagaszkár
46%
Nigéria
46%
Pakisztán
46%
Új Zéland
46%
Algéria
45%
Dél Afrika
45%
Bolívia
43%
Uruguay
43%
Ciprus
42%
Izrael
42%
Koszovó
42%
Venezuela
41%
Panama
40%
Vatikán
40%
Vietnám
40%
Afganisztán
39%
Kazahsztán
39%
Málta
39%
Marokkó
39%
Szaúd Arábia
39%
Indonézia
38%
Andorra
37%
Csád
37%
Ecuador
37%
Etiópia
37%
Kolumbia
37%
Dominika
36%
Omán
36%
Paraguay
36%
Costa Rica
35%
Líbia
35%
Macedónia
35%
Szudán
35%
Honduras
34%
Nepál
34%
Jemen
33%
Katar
33%
Monaco
32%
San Marino
32%
Szíria
32%
Dominikai Köztársaság
31%
Elefántcsontpart
31%
Jamaica
31%
Kenya
31%
Kongó
31%
Mali
31%
Szomália
31%
Banglades
30%
Bhután
30%
Jordánia
30%
Laosz
30%
Angola
29%
Haiti
29%
Nicaragua
29%
Tunézia
29%
Dél Szudán
28%
Egyesült Arab Emírségek
28%
Grúzia
28%
Türkmenisztán
28%
El Salvador
27%
Liechtenstein
27%
Fülöp Szigetek
26%
Guyana
26%
Namíbia
26%
Sri Lanka
26%
Suriname
26%
Szenegál
26%
Tajvan
26%
Guatemala
25%
Ghána
24%
Guinea
24%
Malajzia
24%
Uganda
24%
Belize
23%
Eritrea
23%
Kamerun
23%
Kuvait
23%
Libanon
23%
Togo
23%
Zimbabwe
23%
Azerbajdzsán
22%
Zambia
22%
Botswana
21%
Gabon
21%
Benin
20%
Bosznia és Hercegovina
20%
Burkina Faso
20%
Lesotho
20%
Malawi
20%
Mauritánia
20%
Mozambik
20%
Pápua Új Guinea
20%
Tájföld
20%
Tanzánia
20%
Libéria
19%
Ruanda
19%
Trinidad És Tobago
19%
Bahama Szigetek
18%
Barbados
18%
Gambia
18%
Kambodzsa
18%
Mianmar
18%
Bahrain
17%
Fidzsi
17%
Kirgizisztán
17%
Saint Kitts and Nevis
17%
Sierra Leone
17%
Dzsibuti
16%
Közép Afrikai Köztársaság
16%
Micronézia
16%
Tádzsikisztán
16%
Kongói Demokratikus Köztársaság
15%
Saint Lucia
15%
Saint Vincent and the Grenadines
15%
Tonga
15%
Tuvalu
15%
Burundi
14%
Grenada
14%
Palau
14%
Antigua és Barbuda
13%
Guinea-Bissau
13%
Marshall Szigetek
13%
Mauritius
13%
Vanuatu
13%
Egyenlítői Guinea
12%
Kiribati
12%
Maldív Szigetek
12%
Nauru
12%
Szamoa
12%
Szváziföld
11%
Brunei
10%
São Tomé and Príncipe
10%
Kelet Timor
9%
Seychelle Szigetek
9%
Singapúr
9%
Salamon Szigetek
8%
Zöld Foki Szigetek
8%
Comore Szigetek
6%
Üzbekistan
6%
Örményorszég
5%
No matching quizzes found
Score Distribution
Percent of People with Each Score
Percentile by Number Answered
Your Score History
You have not taken this quiz